[Event "OBEM 2016"]
[Site "Germany , Bremen"]
[Date "2016.03.20"]
[Round "2.26"]
[White "Bilek, Thomas"]
[Black "Niefuend, Michael"]
[Result "0-1"]
[WhiteElo "1198"]
[BlackElo "1795"]
[PlyCount "72"]

1. d4 c5 2. e3 Nf6 3. c4 e6 4. Nc3 d5 5. Nf3 Nc6 6. g3 Be7 7. Bg2 O-O 8. O-O a6
9. b3 Rb8 10. a4 Ne4 11. Nxe4 dxe4 12. Nd2 f5 13. dxc5 Bf6 14. Rb1 Qa5 15. Bb2
Rd8 16. Bc1 Bc3 17. b4 Bxb4 18. Qh5 g6 19. Qg5 Bxd2 20. Bxd2 Rxd2 21. f3 Qd8
22. Qh6 exf3 23. Bxf3 Ne5 24. Qf4 Nxf3+ 25. Rxf3 Bd7 26. e4 Bc6 27. Qe5 Qd4+
28. Qxd4 Rxd4 29. Rff1 Bxe4 30. Rbe1 Rc8 31. h3 Rxc5 32. g4 Rcxc4 33. g5 Rc2
34. Rf2 Rc3 35. Rb2 Rxh3 36. Rxb7 Bxb7 0-1

[Event "OBEM 2016"]
[Site "Germany , Bremen"]
[Date "2016.03.20"]
[Round "2.27"]
[White "Bruening, Martin"]
[Black "Kueck, Alexander"]
[Result "1/2-1/2"]
[WhiteElo "1777"]
[BlackElo "1331"]
[PlyCount "58"]

1. d4 d5 2. c4 dxc4 3. e3 Nf6 4. Bxc4 e6 5. Nc3 Bb4 6. a3 Be7 7. Nf3 O-O 8. O-O
b6 9. b4 Bb7 10. Be2 Nbd7 11. Bb2 c5 12. dxc5 bxc5 13. b5 Qc7 14. Qb3 Ne5 15.
Nxe5 Qxe5 16. Nd1 Qd5 17. Qxd5 exd5 18. f3 a6 19. Nf2 Rfe8 20. Rfe1 c4 21. bxa6
Rxa6 22. Nd1 Rea8 23. Nc3 Bxa3 24. Bxa3 Rxa3 25. Rxa3 Rxa3 26. Rc1 Ra8 27. Kf2
Kf8 28. Rd1 Ke7 29. f4 Rd8 1/2-1/2

[Event "OBEM 2016"]
[Site "Germany , Bremen"]
[Date "2016.03.20"]
[Round "2.28"]
[White "Kropp, Joachim"]
[Black "Goes, Carsten"]
[Result "1-0"]
[WhiteElo "1750"]
[BlackElo "1770"]
[PlyCount "45"]

1. d4 e6 2. c4 f5 3. Nc3 Nf6 4. Nf3 d5 5. Bf4 c6 6. e3 Be7 7. Be2 O-O 8. O-O
Ne4 9. h3 Nd7 10. c5 b6 11. Nxe4 fxe4 12. Ne5 Nxe5 13. Bxe5 bxc5 14. dxc5 Bxc5
15. Qc2 Qe7 16. Rac1 Bd6 17. Qxc6 Bxe5 18. Qxa8 Bb7 19. Qxa7 Ra8 20. Qb6 Rxa2
21. Bg4 Kf7 22. Bxe6+ Qxe6 23. Qxb7+ 1-0

[Event "OBEM 2016"]
[Site "Germany , Bremen"]
[Date "2016.03.20"]
[Round "2.30"]
[White "Wundahl, Juergen"]
[Black "Kastens, Elmar"]
[Result "0-1"]
[WhiteElo "1726"]
[BlackElo "1905"]
[PlyCount "88"]

1. c4 Nf6 2. Nc3 e5 3. g3 c6 4. Bg2 d5 5. cxd5 cxd5 6. d4 e4 7. e3 Bb4 8. Bd2
Nc6 9. a3 Bxc3 10. Bxc3 O-O 11. Ne2 Bg4 12. h3 Be6 13. O-O Rc8 14. Qd2 Qd6 15.
Rac1 g5 16. Rc2 Nd7 17. Rfc1 Nb6 18. Bb4 Nxb4 19. Rxc8 Rxc8 20. Rxc8+ Bxc8 21.
Qxb4 Qxb4 22. axb4 Nc4 23. Nc3 Be6 24. b3 Nd2 25. Nb5 a6 26. Nd6 b6 27. Bf1
Nxf1 28. Kxf1 Bxh3+ 29. Ke1 Bd7 30. f3 exf3 31. e4 Be6 32. exd5 Bxd5 33. Nc8
Bxb3 34. Nxb6 Kf8 35. Nd7+ Ke7 36. Ne5 Bd5 37. g4 f5 38. gxf5 h5 39. Nd3 Kf6
40. Nc5 Kxf5 41. Nxa6 Ke4 42. Kf2 g4 43. Nc7 Kxd4 44. Ne8 h4 0-1

[Event "OBEM 2016"]
[Site "Germany , Bremen"]
[Date "2016.03.20"]
[Round "2.31"]
[White "Holtermann, Klaas"]
[Black "Peine, Olaf"]
[Result "1/2-1/2"]
[WhiteElo "1714"]
[BlackElo "1504"]
[PlyCount "63"]

1. e4 e5 2. Nf3 Nc6 3. Bc4 Be7 4. O-O Nf6 5. d3 d6 6. c3 O-O 7. Bb3 Bd7 8. Re1
b6 9. d4 exd4 10. cxd4 Na5 11. Bc2 Bc8 12. h3 Ba6 13. Nc3 Rc8 14. b4 Nc4 15. b5
Bb7 16. Qd3 Na5 17. Bg5 g6 18. d5 Nd7 19. Be3 Ne5 20. Nxe5 dxe5 21. f4 exf4 22.
Bxf4 Bc5+ 23. Kh1 Qf6 24. Bh6 Rfe8 25. Rf1 Qd4 26. Qf3 Re7 27. Ne2 Qe5 28. Bf4
Qg7 29. Bg5 Rd7 30. Qf6 Qxf6 31. Bxf6 Nc4 32. Bg5 1/2-1/2

[Event "OBEM 2016"]
[Site "Germany , Bremen"]
[Date "2016.03.20"]
[Round "2.32"]
[White "Nagel, Rudolf"]
[Black "Ficken, Hartmut"]
[Result "0-1"]
[WhiteElo "1388"]
[BlackElo "1714"]
[PlyCount "60"]

1. e4 c5 2. Nc3 d6 3. Nf3 e6 4. d4 cxd4 5. Nxd4 a6 6. Bd3 Nf6 7. f4 g6 8. O-O
Qb6 9. Be2 Bg7 10. Kh1 O-O 11. h3 Nxe4 12. Nxe4 Bxd4 13. Nxd6 Qxd6 14. a3 Rd8
15. Qe1 Bd7 16. Qh4 Qb6 17. c3 Bg7 18. Rd1 Nc6 19. Rd3 Be8 20. Rf3 Qc7 21. b4
Ne7 22. Qe1 Bc6 23. Rf2 Nf5 24. Rf1 Qe7 25. Rb1 Bf6 26. Bd2 Bh4 27. Qc1 Ng3+
28. Kh2 Nxe2 29. Qd1 Bg3+ 30. Kh1 Qh4 0-1

[Event "OBEM 2016"]
[Site "Germany , Bremen"]
[Date "2016.03.20"]
[Round "2.33"]
[White "Sinnhoefer, Jonas"]
[Black "Krueger, Gerhard"]
[Result "1-0"]
[WhiteElo "1690"]
[BlackElo "1367"]
[PlyCount "113"]

1. e4 c5 2. Nf3 d6 3. d4 cxd4 4. Nxd4 Nf6 5. Nc3 g6 6. Be2 Bg7 7. Be3 Nc6 8.
O-O O-O 9. f3 Bd7 10. Bb5 a6 11. Bxc6 bxc6 12. Nb3 a5 13. Qd3 Qc7 14. Rfd1 a4
15. Nd2 Rfd8 16. Nc4 c5 17. Bf4 Qc6 18. Ne3 Qb7 19. Rab1 Qa6 20. Qd2 Bc6 21. h3
Qa5 22. Ned5 Bxd5 23. exd5 Nh5 24. Bg5 Bd4+ 25. Kh1 f6 26. Be3 Ng3+ 27. Kh2
Bxe3 28. Qxe3 Nf5 29. Qe6+ Kf8 30. Re1 Ra7 31. a3 Nd4 32. Qe4 Qa6 33. g4 Qc8
34. Nd1 Re8 35. c3 Nb5 36. Qf4 Kg7 37. h4 e5 38. Qe3 Nc7 39. c4 Rb7 40. Nc3 Rb3
41. Kg2 Qd7 42. Qg1 f5 43. g5 Na8 44. Kf2 f4 45. Qg2 Nb6 46. Re4 Qb7 47. Ke1
Nc8 48. Nxa4 Rxa3 49. Qc2 Rxf3 50. Re2 Qb4+ 51. Nc3 Nb6 52. Ra1 Rh3 53. Ra7+
Kg8 54. Rh2 Re3+ 55. Kf2 Ra8 56. Rb7 Qa5 57. h5 1-0

[Event "OBEM 2016"]
[Site "Germany , Bremen"]
[Date "2016.03.20"]
[Round "2.34"]
[White "Zijlstra, Berend"]
[Black "Weinitschke, Harald"]
[Result "0-1"]
[WhiteElo "1300"]
[BlackElo "1687"]
[PlyCount "108"]

1. e4 c5 2. d4 e6 3. Nf3 Nf6 4. Bg5 Be7 5. Nc3 cxd4 6. Qxd4 Nc6 7. Qd1 h6 8.
Bh4 a6 9. a3 O-O 10. h3 d6 11. Bd3 Nh5 12. Bxe7 Qxe7 13. Ne2 Nf6 14. Ng3 b5 15.
O-O d5 16. e5 Nd7 17. Re1 Nc5 18. Bf1 Rd8 19. Nd4 Nxd4 20. Qxd4 Bb7 21. f3 Rac8
22. b4 Na4 23. Bd3 Qc7 24. f4 Qb6 25. Ne2 Qxd4+ 26. Nxd4 Nb2 27. Bf1 Rc3 28.
Rab1 Nc4 29. Rb3 Rxb3 30. Nxb3 Nxa3 31. Nc5 Bc8 32. Bd3 Nc4 33. Ra1 Nb2 34.
Nxa6 Bxa6 35. Rxa6 Nxd3 36. cxd3 Rc8 37. Ra3 d4 38. Kf1 Rc2 39. Rb3 Kh7 40. h4
Kg6 41. g4 h5 42. f5+ exf5 43. gxf5+ Kxf5 44. Rb1 Rd2 45. Rc1 Rb2 46. Re1 Rxb4
47. Re4 g5 48. hxg5 Kxg5 49. Kg2 Kf5 50. Kh3 Rb3 51. Rxd4 Kxe5 52. Re4+ Kf5 53.
Re3 Rb4 54. Rf3+ Rf4 0-1

[Event "OBEM 2016"]
[Site "Germany , Bremen"]
[Date "2016.03.20"]
[Round "2.35"]
[White "Ungar, Benedict"]
[Black "Rast, Matthias"]
[Result "1/2-1/2"]
[WhiteElo "1678"]
[BlackElo "1213"]
[PlyCount "36"]

1. Nf3 d5 2. c4 c6 3. g3 Nf6 4. Bg2 Bf5 5. cxd5 cxd5 6. Qb3 Qc8 7. O-O Nc6 8.
d3 e5 9. e4 dxe4 10. Ng5 Bg6 11. Nxe4 Nxe4 12. dxe4 Nd4 13. Qa4+ Qc6 14. Qxc6+
Nxc6 15. Nc3 Rd8 16. Nd5 Bd6 17. f4 f6 18. fxe5 Nxe5 1/2-1/2

[Event "OBEM 2016"]
[Site "Germany , Bremen"]
[Date "2016.03.20"]
[Round "2.36"]
[White "Borbely, Kurt"]
[Black "Proske, Matthias"]
[Result "0-1"]
[WhiteElo "1054"]
[BlackElo "1666"]
[PlyCount "42"]

1. Nf3 c5 2. d4 e6 3. c4 d6 4. e3 Nf6 5. Bd3 g6 6. Nbd2 Bg7 7. O-O O-O 8. Re1
Nc6 9. a3 cxd4 10. exd4 Qb6 11. Nb3 a5 12. c5 dxc5 13. dxc5 Qc7 14. Nbd4 Nxd4
15. Nxd4 Qxc5 16. Be3 Qe7 17. Nb3 Rd8 18. Qe2 a4 19. Nc5 Nd5 20. Rab1 Nxe3 21.
Qxe3 Bd4 0-1

[Event "OBEM 2016"]
[Site "Germany , Bremen"]
[Date "2016.03.20"]
[Round "2.37"]
[White "Gerken, Juergen"]
[Black "Schubert, Karl Heinz"]
[Result "1-0"]
[WhiteElo "1630"]
[BlackElo "1027"]
[PlyCount "55"]

1. d4 b6 2. c4 Bb7 3. Nf3 d6 4. Nc3 Nf6 5. d5 e6 6. e4 Nbd7 7. Qc2 Be7 8. Be2
Nc5 9. b4 Ncd7 10. O-O O-O 11. dxe6 fxe6 12. Ng5 e5 13. Ne6 Qe8 14. Nxf8 Nxf8
15. f3 c6 16. Rd1 Rd8 17. Be3 d5 18. cxd5 cxd5 19. exd5 Bxb4 20. d6 Rc8 21.
Qb3+ Ne6 22. Qxb4 a5 23. Qb3 e4 24. f4 Rd8 25. f5 Bc8 26. fxe6 Bxe6 27. Bc4 Ng4
28. Bxe6+ 1-0

[Event "OBEM 2016"]
[Site "Germany , Bremen"]
[Date "2016.03.20"]
[Round "2.38"]
[White "Frankenberg, Lea-Marie"]
[Black "Zimmermann, Erik"]
[Result "0-1"]
[WhiteElo "1000"]
[BlackElo "1626"]
[PlyCount "82"]

1. e4 e5 2. Nc3 Nf6 3. Nf3 Nc6 4. g3 d6 5. Bg2 Bg4 6. O-O Nd4 7. d3 c6 8. Be3
Bxf3 9. Bxf3 Nxf3+ 10. Qxf3 Be7 11. Rad1 Qd7 12. b4 O-O 13. a4 d5 14. h4 d4 15.
Bd2 dxc3 16. Bxc3 Qg4 17. Qg2 Rfe8 18. f3 Qe6 19. f4 Ng4 20. Bd2 h5 21. f5 Qa2
22. Ra1 Qxc2 23. Rfc1 Qxd3 24. Rc3 Qd4+ 25. Kh1 Bxb4 26. Rc2 Qxa1+ 27. Rc1 Qd4
28. Qg1 Qxg1+ 29. Rxg1 Bxd2 30. Rb1 b6 31. Rd1 Nf2+ 32. Kg2 Nxd1 33. Kf3 Rad8
34. g4 hxg4+ 35. Kxg4 Rd4 36. Kf3 Rd3+ 37. Ke2 Red8 38. Kxd1 Bf4+ 39. Kc2 Rh3
40. h5 Rd2+ 41. Kc1 Rh1# 0-1

[Event "OBEM 2016"]
[Site "Germany , Bremen"]
[Date "2016.03.21"]
[Round "4.1"]
[White "Jugelt, Tobias"]
[Black "Sawadkuhi, Massoud Armin"]
[Result "1-0"]
[WhiteElo "2427"]
[BlackElo "2149"]
[PlyCount "57"]

1. Nf3 c5 2. g3 b6 3. Bg2 Bb7 4. O-O Nf6 5. d3 e6 6. e4 d6 7. Nbd2 Be7 8. Re1
Qc7 9. a4 Nc6 10. Nc4 O-O 11. Bf4 Nd7 12. Bg5 Nde5 13. Bxe7 Qxe7 14. Ne3 Nxf3+
15. Bxf3 a6 16. Bg2 b5 17. f4 Kh8 18. Qh5 g6 19. Qh6 f5 20. exf5 gxf5 21. Nd5
Qf7 22. Rxe6 Rae8 23. Rae1 Rxe6 24. Rxe6 Re8 25. Rxe8+ Qxe8 26. Qxh7+ Kxh7 27.
Nf6+ Kg6 28. Nxe8 Nd8 29. axb5 1-0

[Event "OBEM 2016"]
[Site "Germany , Bremen"]
[Date "2016.03.21"]
[Round "4.2"]
[White "Boehning, Kilian"]
[Black "Issing, Peter"]
[Result "1-0"]
[WhiteElo "2141"]
[BlackElo "2199"]
[PlyCount "81"]

1. d4 Nf6 2. Nf3 e6 3. Bf4 c5 4. e3 Nc6 5. Nbd2 d5 6. c3 Bd6 7. Bg3 Qe7 8. Ne5
Nd7 9. f4 Ndxe5 10. fxe5 Bc7 11. Bd3 h5 12. h4 f5 13. Bf4 Bd7 14. Nf3 Nd8 15.
Ng5 Bc6 16. Be2 g6 17. Qd2 a5 18. Kf2 a4 19. dxc5 Qxc5 20. b4 Qe7 21. b5 Bd7
22. Rac1 O-O 23. Rhd1 Nf7 24. Qd4 Bc8 25. Nxf7 Rxf7 26. Bg5 Qe8 27. c4 Kh7 28.
Bf3 dxc4 29. b6 Rd7 30. Qc5 Bd8 31. Bxd8 Qxd8 32. Rxd7+ Bxd7 33. Rd1 Qxh4+ 34.
Kg1 Be8 35. Bxb7 Rd8 36. Qc7+ Rd7 37. Rxd7+ Bxd7 38. Qxd7+ Kh6 39. Qd2 Qg3 40.
Qc3 f4 41. Bf3 1-0

[Event "OBEM 2016"]
[Site "Germany , Bremen"]
[Date "2016.03.21"]
[Round "4.3"]
[White "Pienski, Olaf"]
[Black "Buescher, Andre"]
[Result "1-0"]
[WhiteElo "2167"]
[BlackElo "2059"]
[PlyCount "63"]

1. e4 e5 2. Nf3 Nc6 3. Be2 g6 4. d4 exd4 5. Nxd4 Bg7 6. Be3 Nf6 7. Nc3 O-O 8.
O-O Re8 9. Nxc6 bxc6 10. Bf3 Ba6 11. Re1 Qb8 12. Bd4 c5 13. Bxc5 Qxb2 14. Na4
Qb5 15. c3 Nh5 16. Bd4 Be5 17. Nc5 Nf4 18. g3 Nh3+ 19. Kg2 Bc8 20. Rb1 Qc6 21.
Bxe5 d6 22. Bd4 Ng5 23. Nd3 Bh3+ 24. Kg1 f5 25. Nb4 Qd7 26. Nd5 Qe6 27. Nf4
Qxa2 28. Nxh3 Nxh3+ 29. Kg2 c5 30. Kxh3 cxd4 31. Qxd4 fxe4 32. Bxe4 1-0

[Event "OBEM 2016"]
[Site "Germany , Bremen"]
[Date "2016.03.21"]
[Round "4.4"]
[White "Rosin, Julius"]
[Black "Brinkmann, Fabian"]
[Result "1-0"]
[WhiteElo "1996"]
[BlackElo "2154"]
[PlyCount "45"]

1. d4 Nf6 2. Nf3 g6 3. Bf4 Bg7 4. Nbd2 d6 5. e4 O-O 6. c3 Nbd7 7. Bc4 c6 8. O-O
Nxe4 9. Nxe4 d5 10. Bd3 dxe4 11. Bxe4 Nf6 12. Bd3 Nh5 13. Bg5 h6 14. Bh4 Nf4
15. Bc2 Be6 16. Qd2 g5 17. Bg3 Qd6 18. Rfe1 Bd5 19. Bxf4 gxf4 20. Ne5 Qf6 21.
Qd3 Rfe8 22. Qh7+ Kf8 23. Nd7# 1-0

[Event "OBEM 2016"]
[Site "Germany , Bremen"]
[Date "2016.03.21"]
[Round "4.5"]
[White "Kardoeus, David"]
[Black "Mueller, Wolfgang"]
[Result "1-0"]
[WhiteElo "2110"]
[BlackElo "2018"]
[PlyCount "53"]

1. e4 e5 2. Nf3 Nc6 3. Bb5 d6 4. d4 exd4 5. Nxd4 Bd7 6. O-O Nf6 7. Bxc6 bxc6 8.
Qf3 Be7 9. e5 dxe5 10. Nxc6 e4 11. Qc3 Bxc6 12. Qxc6+ Kf8 13. Nc3 Rb8 14. Rd1
Bd6 15. Bf4 Rb6 16. Qa4 Qa8 17. Bxd6+ cxd6 18. Rd4 h5 19. Nxe4 Rh6 20. Re1 Ng4
21. f3 Ne5 22. Nxd6 Re6 23. Ree4 a5 24. Nc4 Nxc4 25. Rxc4 Rxe4 26. Rxe4 g6 27.
Qd4 1-0

[Event "OBEM 2016"]
[Site "Germany , Bremen"]
[Date "2016.03.21"]
[Round "4.6"]
[White "Stieglitz, Dirk"]
[Black "Balazs, Balint"]
[Result "0-1"]
[WhiteElo "2064"]
[BlackElo "2101"]
[PlyCount "98"]

1. b3 e5 2. Bb2 Nc6 3. e3 d6 4. c4 g6 5. d3 Bg7 6. g3 Nf6 7. Bg2 O-O 8. Ne2 Bg4
9. Nbc3 Qd7 10. Qd2 Bh3 11. O-O Bxg2 12. Kxg2 d5 13. d4 dxc4 14. bxc4 e4 15.
Nf4 Ne7 16. Ba3 c6 17. Qe2 Rfe8 18. Rad1 Qf5 19. h4 h6 20. Rh1 Qa5 21. Qb2 Nf5
22. Qb3 Ng4 23. Bc1 c5 24. Nce2 cxd4 25. Nxd4 Bxd4 26. Rxd4 Nxd4 27. exd4 Qf5
28. Rf1 Rad8 29. Nd5 b5 30. Qxb5 Qf3+ 31. Kg1 e3 32. Bxe3 Nxe3 33. Nxe3 Rxe3
34. fxe3 Qxg3+ 35. Kh1 Qh3+ 36. Kg1 Qxe3+ 37. Kg2 Qxd4 38. h5 Qg4+ 39. Kh1 Qe4+
40. Kg1 Qe3+ 41. Kh1 Rd2 42. Qb8+ Kg7 43. Rxf7+ Kxf7 44. Qc7+ Ke6 45. Qc6+ Ke5
46. Qc7+ Ke4 47. Qc6+ Kd3 48. Qd7+ Kc3 49. Qg7+ Qd4 0-1

[Event "OBEM 2016"]
[Site "Germany , Bremen"]
[Date "2016.03.21"]
[Round "4.7"]
[White "Ditmas, Hugh"]
[Black "Margraf, Daniel"]
[Result "1/2-1/2"]
[WhiteElo "1933"]
[BlackElo "2219"]
[PlyCount "142"]

1. d4 Nf6 2. c4 e6 3. Nf3 d5 4. Nc3 Bb4 5. Bg5 O-O 6. e3 h6 7. Bxf6 Qxf6 8. Be2
c6 9. O-O Nd7 10. Rc1 Qe7 11. cxd5 exd5 12. Qc2 Bd6 13. Bd3 Nf6 14. Bf5 Re8 15.
Bxc8 Raxc8 16. h3 Bb8 17. Rfd1 Rcd8 18. Qb3 Ne4 19. Nxe4 dxe4 20. Nd2 Rd5 21.
Rc5 Rxc5 22. dxc5 Qxc5 23. Nxe4 Qe7 24. Nd2 b5 25. Nf3 a6 26. a4 Ba7 27. axb5
axb5 28. Qd3 Bb6 29. Qd7 Qe6 30. Rd6 Qxd7 31. Rxd7 Re6 32. Nd4 Bxd4 33. Rxd4
Kf8 34. Kf1 Ke7 35. Ke2 Rd6 36. Kd3 c5 37. Rxd6 Kxd6 38. g4 Kd5 39. f3 c4+ 40.
Kc3 Kc5 41. b4+ Kd5 42. h4 Ke5 43. Kc2 g5 44. hxg5 hxg5 45. Kc3 f6 46. Kd2 f5
47. gxf5 Kxf5 48. Kc3 g4 49. fxg4+ Kxg4 50. Kd4 Kf5 51. e4+ Kf6 52. e5+ Kf5 53.
Kd5 c3 54. e6 c2 55. e7 c1=Q 56. e8=Q Qc4+ 57. Kd6 Qxb4+ 58. Kc6 Qc4+ 59. Kb6
b4 60. Ka5 b3 61. Qh5+ Ke4 62. Qg4+ Kd3 63. Qd1+ Ke3 64. Qe1+ Kd4 65. Qg1+ Ke5
66. Qe3+ Kd6 67. Qg3+ Kc6 68. Qg6+ Kb7 69. Qg2+ Qc6 70. Qb2 Qc2 71. Qxb3+ Qxb3
1/2-1/2

[Event "OBEM 2016"]
[Site "Germany , Bremen"]
[Date "2016.03.21"]
[Round "4.8"]
[White "Jung, Gerald"]
[Black "Steingraeber, Kai Uwe"]
[Result "0-1"]
[WhiteElo "1929"]
[BlackElo "2147"]
[PlyCount "108"]

1. Nc3 c5 2. Nf3 e6 3. d4 cxd4 4. Qxd4 Nc6 5. Qa4 Bc5 6. Ne4 Be7 7. Bf4 d5 8.
O-O-O Nf6 9. Nxf6+ Bxf6 10. e4 Qb6 11. e5 Be7 12. Qb3 Qc7 13. Bd3 Bd7 14. c3 h6
15. Kb1 Na5 16. Qc2 b5 17. h4 Rb8 18. Ka1 Nc4 19. g3 Bc5 20. Qe2 a5 21. Rc1 Qa7
22. Rc2 Ke7 23. Rd1 Rbc8 24. g4 Bb6 25. h5 {(=)} b4 26. Bc1 Bd8 27. b3 Na3 28.
Bxa3 bxa3 29. c4 a4 30. cxd5 exd5 31. Bf5 Be6 32. Bxe6 fxe6 33. Nd4 Qb6 34. Qd3
Kd7 35. Rdc1 Bg5 36. Rxc8 Rxc8 37. Rxc8 Kxc8 38. Qc3+ Kd7 39. bxa4 Bc1 40. Qxc1
Qxd4+ 41. Kb1 Qb4+ 42. Ka1 Qxa4 43. f4 Kd8 44. Qd2 Qb5 45. Qf2 Ke8 46. Qc2 Qf1+
47. Qb1 Qxf4 48. Qb8+ Kf7 49. Qa7+ Kg8 50. Qxa3 Qxe5+ 51. Kb1 Qe4+ 52. Kc1 Kf7
53. Qa7+ Kf6 54. a4 d4 0-1

[Event "OBEM 2016"]
[Site "Germany , Bremen"]
[Date "2016.03.21"]
[Round "4.9"]
[White "Rieping, Heiner"]
[Black "Peters, Frank"]
[Result "0-1"]
[WhiteElo "1922"]
[BlackElo "2133"]
[PlyCount "72"]

1. e4 c6 2. d4 d5 3. e5 Bf5 4. Ne2 e6 5. Ng3 Bg6 6. h4 h6 7. h5 Bh7 8. Bd3 Bxd3
9. Qxd3 Qa5+ 10. c3 Qa6 11. Qxa6 Nxa6 12. O-O Ne7 13. Be3 c5 14. Nd2 cxd4 15.
cxd4 Kd7 16. a3 Rc8 17. Rac1 Rxc1 18. Rxc1 Nc6 19. b4 Nc7 20. Nb3 Be7 21. Ne2
a5 22. bxa5 Bxa3 23. Nc5+ Kc8 24. Ra1 Bxc5 25. dxc5 Nxe5 26. Nd4 Nc6 27. a6
Nxd4 28. axb7+ Kxb7 29. Bxd4 f6 30. Rb1+ Kc6 31. Rb6+ Kd7 32. Bc3 Ra8 33. c6+
Kc8 34. Bb4 Rb8 35. Rxb8+ Kxb8 36. Bd6 Kc8 0-1

[Event "OBEM 2016"]
[Site "Germany , Bremen"]
[Date "2016.03.21"]
[Round "4.10"]
[White "Heldt, Nils-Lennart"]
[Black "Webner, Dennis"]
[Result "0-1"]
[WhiteElo "1928"]
[BlackElo "2067"]
[PlyCount "84"]

1. d4 Nf6 2. c4 g6 3. Nc3 Bg7 4. e4 O-O 5. Nf3 Nc6 6. Be2 d6 7. O-O a5 8. d5
Nb4 9. Ne1 e6 10. a3 Na6 11. Be3 Re8 12. f3 c6 13. Rb1 exd5 14. cxd5 cxd5 15.
Nxd5 Nxd5 16. Qxd5 Nc7 17. Qd2 d5 18. Bb6 Qd6 19. Bxc7 Qxc7 20. Qxd5 Be6 21.
Qg5 Red8 22. Kh1 a4 23. Rc1 Qb6 24. Nd3 Ra5 25. Qg3 Qe3 26. Rfe1 Rh5 27. Bf1
Qh6 28. f4 Bf6 29. Red1 Bh4 30. Qf3 Bf6 31. h3 Rh4 32. f5 gxf5 33. exf5 Bd5 34.
Qg3+ Kh8 35. Nf2 Rg8 36. Qh2 Bb3 37. Re1 Bd4 38. Nd3 Bd5 39. Ne5 Rxh3 40. Nxf7+
Bxf7 41. gxh3 Bd5+ 42. Bg2 Rxg2 0-1

[Event "OBEM 2016"]
[Site "Germany , Bremen"]
[Date "2016.03.21"]
[Round "4.11"]
[White "Beinke, Lukas"]
[Black "Pautz, Peter"]
[Result "1/2-1/2"]
[WhiteElo "1886"]
[BlackElo "2066"]
[PlyCount "64"]

1. e4 e6 2. d4 d5 3. Nd2 c5 4. c3 cxd4 5. cxd4 dxe4 6. Nxe4 Nc6 7. Nf3 Bb4+ 8.
Bd2 Bxd2+ 9. Qxd2 Nf6 10. Nc5 O-O 11. Be2 Qa5 12. Qxa5 Nxa5 13. O-O b6 14. Nd3
Bb7 15. Rac1 Rac8 16. Nde5 Nd5 17. Bb5 Rxc1 18. Rxc1 Rc8 19. Rxc8+ Bxc8 20. Kf1
f6 21. Nc4 Nxc4 22. Bxc4 Nc7 23. Nd2 Bb7 24. g3 Kf8 25. Ke2 Ke7 26. Kd3 Ne8 27.
Nf1 Nd6 28. Ne3 Bf3 29. Kd2 Ne4+ 30. Ke1 Nd6 31. Kd2 Ne4+ 32. Ke1 Nd6 1/2-1/2

[Event "OBEM 2016"]
[Site "Germany , Bremen"]
[Date "2016.03.21"]
[Round "4.12"]
[White "Lorenzen, Bjoern"]
[Black "Kastens, Elmar"]
[Result "1/2-1/2"]
[WhiteElo "2030"]
[BlackElo "1905"]
[PlyCount "45"]

1. d4 Nf6 2. Nf3 c5 3. d5 d6 4. c4 b5 5. cxb5 a6 6. bxa6 Bxa6 7. Nc3 g6 8. e4
Bxf1 9. Kxf1 Bg7 10. h3 O-O 11. Kg1 Na6 12. Kh2 Qb6 13. Re1 Nd7 14. Re2 Nc7 15.
Rc2 Nb5 16. Nxb5 Qxb5 17. Qe2 Rfb8 18. Qxb5 Rxb5 19. Kg1 Ra4 {(=)} 20. Re2 Rbb4
21. Kf1 Rxe4 22. Rxe4 Rxe4 23. a4 1/2-1/2

[Event "OBEM 2016"]
[Site "Germany , Bremen"]
[Date "2016.03.21"]
[Round "4.14"]
[White "Meyer, Irmin"]
[Black "Kohlscheen, Jens"]
[Result "1-0"]
[WhiteElo "1993"]
[BlackElo "1620"]
[PlyCount "97"]

1. e4 c5 2. c3 d5 3. exd5 Qxd5 4. d4 Nf6 5. Nf3 Bg4 6. Be2 e6 7. O-O Nc6 8. h3
Bh5 9. Be3 cxd4 10. cxd4 Be7 11. Nc3 Qd6 12. Qb3 O-O 13. Rfd1 Rfd8 14. a3 h6
15. Rac1 Bg6 16. Na4 Na5 17. Qb5 b6 18. b4 Nb7 19. Ne5 Be4 20. Nc3 Bh7 21. Bf3
Nd5 22. Nxd5 exd5 23. Nc6 Rd7 24. Nxe7+ Qxe7 25. Bxd5 Rad8 26. Bf3 Nd6 27. Qe5
Nf5 28. Qxe7 Rxe7 29. Rc3 g5 30. g4 Nd6 31. a4 Ne4 32. Rc6 Kg7 33. Rdc1 Red7
34. Rc7 Nf6 35. b5 Ne4 36. Kf1 Kf8 37. R1c6 Nd6 38. Ke2 Ke7 39. Bd2 Rxc7 40.
Rxc7+ Rd7 41. Rc6 f6 42. Bb4 Bg8 43. Be4 Rd8 44. Bf5 Be6 45. Rc7+ Rd7 46. Rxd7+
Kxd7 47. Bxe6+ Kxe6 48. Bxd6 Kxd6 49. Kd3 1-0

[Event "OBEM 2016"]
[Site "Germany , Bremen"]
[Date "2016.03.21"]
[Round "4.15"]
[White "Traetmar, Mattis"]
[Black "Meyer, Thorsten"]
[Result "1/2-1/2"]
[WhiteElo "1848"]
[BlackElo "1982"]
[PlyCount "85"]

1. e4 c5 2. Nf3 d6 3. d4 cxd4 4. Nxd4 Nc6 5. Be3 Nf6 6. Nc3 g6 7. f3 Bg7 8. Qd2
O-O 9. O-O-O Qa5 10. Kb1 Rd8 11. g4 Nxd4 12. Bxd4 e5 13. Be3 Be6 14. g5 Ne8 15.
h4 a6 16. Qf2 Qc7 17. Bb6 Qc6 18. Bxd8 Rxd8 19. Nd5 Bxd5 20. exd5 Qc7 21. h5
Qe7 22. hxg6 hxg6 23. Qh4 Rc8 24. Bd3 Rc5 25. Be4 Nc7 26. Rh2 Kf8 27. Rdh1 Qd7
28. Rd1 Nb5 29. c3 Qd8 30. Qg4 Qb6 31. Ka1 a5 32. Qd7 Na7 33. Rh7 Qc7 34. Qxc7
Rxc7 35. Rh2 Kg8 36. Rg1 Bf8 37. Rgh1 Bg7 38. Kb1 Nc8 39. Kc2 Nb6 40. b3 Nd7
41. Rb1 Bf8 42. Kd3 Be7 43. Rg2 1/2-1/2

[Event "OBEM 2016"]
[Site "Germany , Bremen"]
[Date "2016.03.21"]
[Round "4.16"]
[White "Buhrdorf, Axel"]
[Black "Gebur, Thomas"]
[Result "1-0"]
[WhiteElo "1974"]
[BlackElo "1859"]
[PlyCount "55"]

1. d4 f5 2. Nf3 Nf6 3. g3 g6 4. Bg2 Bg7 5. O-O O-O 6. c4 d6 7. Nc3 c6 8. d5 e5
9. dxe6 Bxe6 10. Qd3 Qe7 11. Ng5 h6 12. Nxe6 Qxe6 13. Bf4 Rd8 14. Rad1 Bf8 15.
Rfe1 Na6 16. e4 Nc5 17. Qd4 Bg7 18. exf5 Qxf5 19. Qd2 g5 20. Be3 Rd7 21. Bd4
Rf8 22. Re2 Ne6 23. Bxa7 b5 24. Be3 bxc4 25. Bxc6 Rdd8 26. Bg2 Nc5 27. Nd5 Nd3
28. Ne7+ 1-0

[Event "OBEM 2016"]
[Site "Germany , Bremen"]
[Date "2016.03.21"]
[Round "4.19"]
[White "Holtermann, Klaas"]
[Black "Sausmikat, Armin"]
[Result "1/2-1/2"]
[WhiteElo "1714"]
[BlackElo "1879"]
[PlyCount "68"]

1. e4 e5 2. Nf3 Nc6 3. Bc4 Bc5 4. O-O Nf6 5. d4 Bxd4 6. Nxd4 Nxd4 7. f4 d6 8.
fxe5 dxe5 9. Bg5 Qe7 10. Nc3 c6 11. Ne2 Bg4 12. c3 Nxe2+ 13. Bxe2 Bxe2 14. Qxe2
O-O-O 15. Kh1 Kb8 16. Rf2 Rd6 17. Raf1 Rhd8 18. h3 h6 19. Bxf6 gxf6 20. Qe3 b6
21. Rf5 Rh8 22. Qf3 Rg8 23. Rxf6 Rd2 24. Rxf7 Qg5 25. Rf8+ Rd8 26. Rf5 Qg7 27.
Rf2 Rd7 28. Qh5 Rgd8 29. Rxe5 Qg3 30. Ref5 Rd1+ 31. Rf1 R1d2 32. Qf3 Qxf3 33.
R1xf3 {(=)} Rxb2 34. Rf2 Rxf2 1/2-1/2

[Event "OBEM 2016"]
[Site "Germany , Bremen"]
[Date "2016.03.21"]
[Round "4.20"]
[White "Kuenitz, Bernhard"]
[Black "Zimmermann, Erik"]
[Result "0-1"]
[WhiteElo "1877"]
[BlackElo "1626"]
[PlyCount "60"]

1. c4 e5 2. Nc3 Nf6 3. g3 Nc6 4. Bg2 Bb4 5. d3 h6 6. Bd2 d6 7. e3 Bxc3 8. Bxc3
O-O 9. Ne2 Bg4 10. h3 Bd7 11. O-O Qc8 12. Kh2 Nh7 13. f4 f6 14. d4 exf4 15.
exf4 Ne7 16. g4 f5 17. gxf5 Nxf5 18. Qd3 Nf6 19. d5 Qe8 20. Rg1 Qe3 21. Qxe3
Nxe3 22. b3 Rae8 23. Ng3 Nxg2 24. Rxg2 Re3 25. Bb2 h5 26. h4 Ng4+ 27. Kg1 g6
28. Rf1 Rd3 29. Re1 Rxf4 30. Re7 Rd1+ 0-1

[Event "OBEM 2016"]
[Site "Germany , Bremen"]
[Date "2016.03.21"]
[Round "4.21"]
[White "Ungar, Benedict"]
[Black "Klemm, Robert"]
[Result "0-1"]
[WhiteElo "1678"]
[BlackElo "1852"]
[PlyCount "116"]

1. Nf3 Nf6 2. g3 g6 3. Bg2 Bg7 4. O-O d6 5. d4 O-O 6. c4 Nbd7 7. Nbd2 c6 8. Rb1
a5 9. b3 e5 10. e3 e4 11. Ng5 d5 12. cxd5 cxd5 13. Nh3 Qe7 14. Nf4 b5 15. Bb2
Nb6 16. Rc1 a4 17. Rc6 Rb8 18. Qc2 a3 19. Ba1 b4 20. Qc5 Qxc5 21. dxc5 Nbd7 22.
Rc1 Re8 23. Bd4 g5 24. Nh3 h6 25. f3 Bb7 26. Rc7 Ne5 27. fxe4 Nd3 28. Rf1 Ne5
29. Rf5 Nxe4 30. Nxe4 dxe4 31. Nf2 Bc8 32. Bxe4 Bxf5 33. Bxf5 Nf3+ 34. Kg2 Nxd4
35. exd4 Bxd4 36. Ne4 Kf8 37. Kf3 Re7 38. Rc6 Kg7 39. Rd6 Be5 40. Rd7 Rxd7 41.
Bxd7 Rd8 42. c6 f5 43. Nc5 Kf6 44. Nb7 Rh8 45. Nc5 h5 46. Ne6 Rh7 47. Nd4 h4
48. Nxf5 hxg3 49. hxg3 Rh2 50. Ne3 Rxa2 51. Ng4+ Ke7 52. Nxe5 Kd8 53. Nd3 Rb2
54. Ke4 a2 55. Kd5 Rd2 56. Bf5 a1=Q 57. Ke6 Qd4 58. g4 Rxd3 0-1